| 000 | 01038nam a22003017a 4500 | ||
|---|---|---|---|
| 003 | CHAP | ||
| 005 | 20220329134210.0 | ||
| 008 | 971013s1984 r 00010 d | ||
| 010 | _a16851 | ||
| 011 | _a17823 | ||
| 035 | _a21907 | ||
| 040 | _cCHAP | ||
| 090 | _aFolleto 10004 | ||
| 100 | 0 | 0 |
_aHuerta Rivera, E. Ramón. _956709 |
| 245 | _aImportancia de los cultivos perennes en el estado de Tabasco | ||
| 260 |
_aCardenas, Tab. : _bColegio Superior de Agricultura Tropical, _c1984 |
||
| 300 |
_ac.a. 11 h. _b: mapas |
||
| 500 | _aPonencia presentada en : Curso de uso y manejo de suelos hidromorficos (1 : 1984 : Cardenas, Tab.). | ||
| 590 |
_aBATCH-UPD _b10 _c20130110 _lUCH01 _h0836 |
||
| 590 |
_aBATCH-UPD _b10 _c20130410 _lUCH01 _h0515 |
||
| 590 |
_aBATCH-UPD _b10 _c20130914 _lUCH01 _h1117 |
||
| 590 |
_aCONVERSION _b10 _c20130109 _lUCH01 _h1310 |
||
| 650 | 1 | 4 |
_aCultivos _xTabasco. _930328 |
| 650 | 1 | 4 |
_aFruticultura _xTabasco. _943751 |
| 901 | _aBK | ||
| 942 | _cFOLL | ||
| 949 |
_aFolleto 10004 _bBC _cFOLL _d-50946 _eTS1 _i21907 _mD _si |
||
| 999 |
_c16851 _d16851 |
||